Laufey A Matter Of Time Tour - Statistics

General Stats
  • This quiz has been taken 3 times
  • The average score is 19 of 27
Answer Stats
Continent Answer % Correct
North America Canada
100%
Europe France
100%
Europe Germany
100%
Europe Iceland
100%
Europe Italy
100%
Europe Spain
100%
Europe Switzerland
100%
North America United States of America
100%
Oceania Australia
67%
Europe Belgium
67%
Asia China
67%
Europe Ireland
67%
Asia Japan
67%
Europe Netherlands
67%
Oceania New Zealand
67%
Asia Philippines
67%
Europe Portugal
67%
Asia South Korea
67%
Asia Taiwan
67%
Asia Thailand
67%
Europe United Kingdom
67%
Europe Austria
33%
Europe Denmark
33%
Asia Hong Kong
33%
Asia Indonesia
33%
Asia Malaysia
33%
Asia Singapour
33%
No matching quizzes found
Score Distribution
Percent of People with Each Score
Percentile by Number Answered
Your Score History
You have not taken this quiz